The global competitiveness report. (Record no. 11785)
[ view plain ]
| 000 -LEADER | |
|---|---|
| fixed length control field | 02166cas a2200433 a 4500 |
| 001 - CONTROL NUMBER | |
| control field | 11739675 |
| 005 - DATE AND TIME OF LATEST TRANSACTION | |
| control field | 20080130050303.0 |
| 008 - FIXED-LENGTH DATA ELEMENTS--GENERAL INFORMATION | |
| fixed length control field | 990603c19969999enkar s 0 0eng d |
| 010 ## - LIBRARY OF CONGRESS CONTROL NUMBER | |
| LC control number | sn 98032289 |
| 035 ## - SYSTEM CONTROL NUMBER | |
| System control number | (OCoLC)ocm35177051 |
| 040 ## - CATALOGING SOURCE | |
| Original cataloging agency | AzGAGS |
| Transcribing agency | AzGAGS |
| Modifying agency | NN |
| -- | MH |
| -- | InU |
| -- | DLC |
| -- | MH |
| -- | MH-L |
| -- | InU |
| -- | MH |
| -- | HkUST |
| -- | DLC |
| -- | NNC |
| 042 ## - AUTHENTICATION CODE | |
| Authentication code | lc |
| 050 00 - LIBRARY OF CONGRESS CALL NUMBER | |
| Classification number | HF1414 |
| Item number | .G559 |
| 082 ## - DEWEY DECIMAL CLASSIFICATION NUMBER | |
| Edition number | 20 |
| Classification number | 327.09045 |
| Item number | GLO |
| 245 04 - TITLE STATEMENT | |
| Title | The global competitiveness report. |
| 260 ## - PUBLICATION, DISTRIBUTION, ETC. (IMPRINT) | |
| Place of publication, distribution, etc | Geneva : |
| Name of publisher, distributor, etc | World Economic Forum |
| 300 ## - PHYSICAL DESCRIPTION | |
| Extent | v. : |
| Other physical details | ill. ; |
| Dimensions | 30 cm. |
| 310 ## - CURRENT PUBLICATION FREQUENCY | |
| Current publication frequency | Annual |
| 362 1# - DATES OF PUBLICATION AND/OR SEQUENTIAL DESIGNATION | |
| Dates of publication and/or sequential designation | Began in 1996. |
| 500 ## - GENERAL NOTE | |
| General note | Description based on: 1997. |
| 500 ## - GENERAL NOTE | |
| General note | Vols. for <1999>-2003/2004 published: New York ; Oxford : Oxford University Press; 2004/2005- : Basingstoke, Hampshire : Palgrave Macmillan. |
| 500 ## - GENERAL NOTE | |
| General note | Vols. for 2001/2002- accompanied by CD-ROM with results from the executive opinion survey. |
| 500 ## - GENERAL NOTE | |
| General note | Latest issue consulted: 2004/2005. |
| 530 ## - ADDITIONAL PHYSICAL FORM AVAILABLE NOTE | |
| Additional physical form available note | Vols. beginning 2003/2004- available also on CD-ROM entitled: The global competitiveness report. Results of the executive opinion survey, which includes, country profiles and a customized data search. |
| 550 ## - ISSUING BODY NOTE | |
| Issuing body note | Published in collaboration with: Center for International Development at Harvard University, 2000-2001/2002. |
| 580 ## - LINKING ENTRY COMPLEXITY NOTE | |
| Linking entry complexity note | Has companion publication with title: Arab world competitiveness report. |
| 650 #0 - SUBJECT ADDED ENTRY--TOPICAL TERM | |
| Topical term or geographic name as entry element | Competition, International |
| Form subdivision | Statistics |
| -- | Periodicals. |
| 9 (RLIN) | 5988 |
| 650 #0 - SUBJECT ADDED ENTRY--TOPICAL TERM | |
| Topical term or geographic name as entry element | International trade |
| Form subdivision | Statistics |
| -- | Periodicals. |
| 9 (RLIN) | 5989 |
| 710 2# - ADDED ENTRY--CORPORATE NAME | |
| Corporate name or jurisdiction name as entry element | World Economic Forum. |
| 9 (RLIN) | 5990 |
| 710 2# - ADDED ENTRY--CORPORATE NAME | |
| Corporate name or jurisdiction name as entry element | Harvard University. |
| Subordinate unit | Center for International Development. |
| 9 (RLIN) | 5991 |
| 780 01 - PRECEDING ENTRY | |
| Title | World competitiveness report |
| International Standard Serial Number | 1015-5449 |
| Record control number | (DLC)sn 89651047 |
| -- | (OCoLC)15178540 |
| 787 1# - NONSPECIFIC RELATIONSHIP ENTRY | |
| Title | Arab world competitiveness report |
| Record control number | (DLC) 2003234506 |
| -- | (OCoLC)51748919 |
| 942 ## - ADDED ENTRY ELEMENTS (KOHA) | |
| Source of classification or shelving scheme | Dewey Decimal Classification |
| Item type | Book - Borrowing |
| Withdrawn status | Item status | Source of classification or shelving scheme | Damaged status | Not for loan | Vendor | Home library | Current library | Shelving location | Date acquired | Source of acquisition | Cost, normal purchase price | Serial Enumeration / chronology | Total Checkouts | Full call number | Barcode | Date last seen | Koha item type |
|---|---|---|---|---|---|---|---|---|---|---|---|---|---|---|---|---|---|
| Dewey Decimal Classification | MERIC | Central Library | Central Library | First floor | 10/06/2009 | 568.00 | 9103 | 327.09045 GLO | 000016673 | 15/07/2025 | Book - Borrowing |